Participation : L'interessement

Saved in:
Bibliographic Details
Main Author: Morlieres, P.
Format: Book
Language:Undetermined
Published: New York Dunod Economie 1969
Subjects:
Tags: Add Tag
No Tags, Be the first to tag this record!
Institutions: Trung tâm Học liệu Trường Đại học Cần Thơ
LEADER 00516nam a2200205Ia 4500
001 CTU_79243
008 210402s9999 xx 000 0 und d
082 |a 658.3 
082 |b M864 
100 |a Morlieres, P. 
245 0 |a Participation : 
245 0 |b L'interessement 
245 0 |c P. Morlieres 
260 |a New York 
260 |b Dunod Economie 
260 |c 1969 
650 |a Management 
650 |x Employee participation 
650 |z France 
980 |a Trung tâm Học liệu Trường Đại học Cần Thơ